[Event "ICS rated blitz match"]
[Site "204.178.125.65"]
[Date "1999.10.31"]
[Round "?"]
[White "Hossa"]
[Black "Skeletor"]
[Result "0-1"]
[WhiteElo "2493"]
[BlackElo "2731"]
[PlyCount "146"]
[EventDate "1999.??.??"]

1. e4 e5 2. Nf3 d6 3. d4 exd4 4. Qxd4 4... Bd7 {letzter Buchzug} 5. Qd1 Nf6 6.
Nc3 Be7 7. Bd3 O-O 8. O-O Nc6 9. Bf4 Re8 10. Qe2 Bg4 11. Qe3 Nb4 12. Rad1 Nh5
13. a3 Nxd3 14. cxd3 c6 15. h3 Be6 16. Bg5 f6 17. Nd4 Bf7 18. Bh4 g6 19. Rc1 c5
20. Nde2 Be6 21. b4 Rc8 22. Rb1 b6 23. Rfe1 Bf8 24. Qf3 Be7 25. bxc5 Rxc5 26.
d4 ({0.51 Hiarcs 7.32:} 26. g4 26... Ng7 27. Nb5 f5 28. Bxe7 Qxe7 29. gxf5
29... gxf5 {0.17/7}) 26... Rc8 27. a4 Bc4 28. Rec1 ({0.66 Hiarcs 7.32:} 28. d5
28... Bxe2 29. Nxe2 Qd7 30. Rb4 f5 31. exf5 Qxf5 32. Qxf5 32... gxf5 {0.39/7})
28... a6 29. d5 f5 30. Bxe7 Qxe7 31. Rxb6 ({-0.23 Hiarcs 7.32:} 31. exf5 31...
Bxe2 32. Nxe2 Rxc1+ 33. Nxc1 Qe1+ 34. Kh2 Qe5+ 35. g3 Rf8 36. Rxb6 Rxf5 37. Qg2
{0.66/7}) 31... fxe4 32. Qe3 Rc5 33. Qh6 ({-0.63 Hiarcs 7.32:} 33. Rc6 33...
Rxc6 34. dxc6 d5 35. Nd4 Qc7 36. Rb1 {0.32/6}) 33... Qc7 34. Rcb1 Qe7 35. Rb7 (
{0.17 Hiarcs 7.32:} 35. Nxe4 35... Qxe4 {0.42/6}) 35... Rc7 36. Rb8 Bd3 37.
R1b6 Nf6 38. Kh1 ({-0.16 Hiarcs 7.32:} 38. Qg5 38... Rxb8 39. Rxb8+ Kf7 40. h4
Nd7 41. Rh8 41... Nf8 {0.11/6}) 38... Qe5 39. R8b7 Rxb7 40. Rxb7 Re7 41. Rxe7
Qxe7 42. Nd4 Bc4 43. Nc6 Qf7 44. Qg5 ({0.13 Hiarcs 7.32:} 44. Qf4 44... Nxd5
45. Qxf7+ Kxf7 46. Nxe4 Ke6 47. Na5 Bd3 48. Ng5+ Kf5 49. Nxh7 {0.46/6}) 44...
Kg7 45. Nd8 ({0.84 Hiarcs 7.32:} 45. Nd4 45... Kg8 46. Ne6 h5 47. Kh2 47... a5
{0.13/6}) 45... Qd7 46. Ne6+ Kf7 47. Nxe4 Nxd5 48. Nf4 Qc6 49. Qh6 Nxf4 50.
Qxf4+ Ke7 51. Qh4+ Ke6 52. Ng5+ Kd5 53. Nxh7 ({0.98 Hiarcs 7.32:} 53. Qxh7
53... Qxa4 54. Qxg6 Qa1+ 55. Kh2 Qe5+ 56. g3 56... a5 {0.71/6}) 53... Bd3 54.
Qg5+ Kd4 55. Qf6+ Kc4 56. Qf4+ Kc3 57. Nf6 d5 58. Qc7 ({-0.10 Hiarcs 7.32:} 58.
Ng4 58... Qc4 59. Ne3 Qc5 60. Qg5 60... Be4 {0.80/6}) 58... Qxc7 59. Nxd5+ Kb3
60. Nxc7 Kxa4 61. Ne6 ({-0.95 Hiarcs 7.32:} 61. Kh2 61... a5 62. h4 Kb3 63. Ne6
Bc4 64. Nc5+ 64... Kb4 {-0.37/10}) 61... Kb4 62. Nd4 ({-1.55 Hiarcs 7.32:} 62.
h4 62... a5 63. h5 gxh5 64. Nf4 Kc4 65. Nxh5 a4 66. Kg1 66... a3 {-0.95/9})
62... Kc3 63. Nc6 Be4 64. Ne7 ({-4.23 Hiarcs 7.32:} 64. Na7 64... a5 {-1.54/10}
) 64... a5 65. f3 a4 66. fxe4 a3 67. Nxg6 a2 68. Kh2 a1=Q 69. Ne7 ({
-6.75 Hiarcs 7.32:} 69. h4 69... Kd4 70. h5 Kxe4 71. g3 Kf5 72. Nf4 72... Qg7 {
-4.43/8}) 69... Kd4 70. g4 ({-#4 Hiarcs 7.32:} 70. Nf5+ 70... Kxe4 71. Ng3+ Ke3
72. Nh1 Qe5+ 73. Kg1 Kf4 74. h4 Qe1+ 75. Kh2 75... Qxh4+ {-6.75/8}) 70... Ke3
71. Ng6 ({0.00 Hiarcs 7.32:} 71. Kg3 71... Qe1+ 72. Kg2 Qf2+ 73. Kh1 73... Kf3
{-#4/5}) 71... Kf2 72. h4 Qg1+ 73. Kh3 73... Qh1# {Hossa checkmated} 0-1

[Event "ICS rated blitz match"]
[Site "204.178.125.65"]
[Date "1999.10.31"]
[Round "?"]
[White "chiquitins"]
[Black "Hossa"]
[Result "0-1"]
[WhiteElo "2476"]
[BlackElo "2487"]
[PlyCount "106"]
[EventDate "1999.??.??"]

1. e4 e5 2. Nf3 d6 3. d4 exd4 4. Nxd4 Nf6 5. Nc3 Be7 6. Bf4 O-O 7. Qd2 Nc6 8.
O-O-O Nxd4 9. Qxd4 Nh5 10. Be3 Bg4 11. f3 Be6 12. g4 Nf6 13. g5 Nd7 14. h4 Ne5
15. Be2 f5 16. Nd5 fxe4 17. Qxe4 c6 18. Nxe7+ Qxe7 19. f4 Bf5 20. Qd4 Ng4 21.
Rh3 Nf2 22. Bxf2 Bxh3 23. Bd3 d5 24. Re1 Qd6 25. Re5 a5 26. f5 Rf7 27. Bg3 Qb4
28. Qe3 Qa4 29. Kb1 Qg4 30. f6 Qd1+ 31. Qc1 Qxc1+ 32. Kxc1 gxf6 33. gxf6 Rxf6
34. Rg5+ Kf7 35. Bxh7 Rh8 36. Bd3 Bf1 37. Be5 Bxd3 38. Bxf6 Kxf6 39. cxd3 Rxh4
40. Rg3 c5 41. Rf3+ Ke5 42. Rf7 Kd4 43. Rxb7 Kxd3 44. Rb3+ Kc4 45. Rc3+ Kb5 46.
Rb3+ Kc6 47. Rg3 Rh2 48. Rg8 d4 49. Ra8 Kb5 50. Rb8+ Kc4 51. Ra8 Kd3 52. b3 Kc3
53. Kd1 53... d3 {chiquitins resigns} 0-1

[Event "ICS rated blitz match"]
[Site "204.178.125.65"]
[Date "1999.10.31"]
[Round "?"]
[White "Hossa"]
[Black "episcopal"]
[Result "1/2-1/2"]
[WhiteElo "2502"]
[BlackElo "2537"]
[PlyCount "62"]
[EventDate "1999.??.??"]

1. e4 e5 2. Nf3 Nc6 3. Bb5 Bc5 4. c3 Nge7 5. d4 exd4 6. cxd4 Bb4+ 7. Nc3 d5 8.
exd5 Nxd5 9. Bd2 Qe7+ 10. Be2 Be6 11. O-O O-O 12. Bb5 Rfd8 13. Bxc6 bxc6 14.
Ne5 Bxc3 15. bxc3 Qd6 16. Nd3 Rab8 17. Nc5 Bf5 18. Re1 Rb2 19. Bc1 Rb6 20. Bg5
f6 21. Bd2 Rb2 22. c4 Nf4 23. Bc3 Nh3+ 24. gxh3 Rxf2 25. Kxf2 Qxh2+ 26. Ke3
Re8+ 27. Kf3 Qxh3+ 28. Kf2 Qh2+ 29. Kf3 Qh3+ 30. Kf2 Qh2+ 31. Kf3 31... Qh3+ {
Game drawn by repetition} 1/2-1/2

[Event "ICS rated blitz match"]
[Site "204.178.125.65"]
[Date "1999.10.31"]
[Round "?"]
[White "Glibby514"]
[Black "Hossa"]
[Result "0-1"]
[WhiteElo "2688"]
[BlackElo "2503"]
[PlyCount "43"]
[EventDate "1999.??.??"]

1. d4 d5 2. Nf3 c6 3. c4 Nf6 4. Nc3 dxc4 5. a4 c5 6. e4 cxd4 7. Qxd4 Nfd7 8.
Be3 Nc6 9. Qxc4 e6 10. Be2 Bb4 11. O-O Nb6 12. Qb5 O-O 13. Rfd1 Nd7 14. Rac1 a6
15. Qh5 a5 16. Bd2 Nf6 17. Qh4 e5 18. Nd5 Nxd5 19. Qxd8 Rxd8 20. Bxb4 Ndxb4 21.
Rxd8+ Nxd8 22. b3 {Glibby514 resigns} 0-1

[Event "ICS rated blitz match"]
[Site "204.178.125.65"]
[Date "1999.10.31"]
[Round "?"]
[White "episcopal"]
[Black "Hossa"]
[Result "1-0"]
[WhiteElo "2609"]
[BlackElo "2508"]
[PlyCount "91"]
[EventDate "1999.??.??"]

1. e4 e5 2. Nf3 d6 3. d4 exd4 4. Nxd4 Nf6 5. Nc3 Be7 6. Be2 O-O 7. O-O Re8 8.
f3 Nc6 9. Nxc6 bxc6 10. Kh1 d5 11. e5 Nd7 12. f4 12... Rb8 {letzter Buchzug}
13. a3 Bb7 ({0.34 Hiarcs 7.32:} 13... f6 14. e6 Nc5 15. f5 d4 16. Nb1 16... Ne4
{-0.08/6}) 14. Be3 a5 15. Bd3 Bc8 16. b3 Bc5 17. Bd2 Qe7 ({0.70 Hiarcs 7.32:} 
17... f6 18. Na4 Bd4 19. c3 19... Bc5 {0.29/5}) 18. Na4 Bd4 19. Ra2 Ra8 20. Qe1
f6 ({0.79 Hiarcs 7.32:} 20... Bb6 21. Qg3 Ba6 22. c4 f6 23. Qh4 Nf8 24. exf6
Qxf6 25. Qxf6 25... gxf6 {0.55/7}) 21. Qh4 h6 ({0.03 Hiarcs 7.32:} 21... Nf8
22. c3 Ba7 23. exf6 Qxf6 24. Qxf6 gxf6 25. f5 Bb7 26. Bf4 26... Rac8 {0.79/7})
22. Qh5 Ba6 23. Bxa6 Rxa6 24. c3 Ba7 ({0.59 Hiarcs 7.32:} 24... Bb6 25. Re1
fxe5 26. fxe5 Qe6 27. Bf4 27... Raa8 {0.03/6}) 25. Qe2 Nb8 26. Qd3 fxe5 27.
fxe5 Qxe5 28. Raa1 Qh5 29. Rae1 Rxe1 30. Bxe1 Qg4 ({1.09 Hiarcs 7.32:} 30...
Bb6 31. Bg3 Ra8 32. Nxb6 cxb6 33. Qe3 b5 34. Qe7 {0.43/7}) 31. Bg3 Qd7 32. c4
Qd8 ({2.09 Hiarcs 7.32:} 32... Bb6 33. Rd1 Kh8 34. cxd5 cxd5 35. Qxd5 {1.16/6})
33. Qg6 Qd7 ({7.48 Hiarcs 7.32:} 33... Nd7 34. Qe6+ {2.09/6}) 34. Re1 Kf8 ({
12.83 Hiarcs 7.32:} 34... dxc4 35. Re8+ {7.48/7}) 35. Be5 Qf7 ({
5.22 Hiarcs 7.32:} 35... Be3 36. Rxe3 {12.83/8}) 36. Bxg7+ Kg8 37. Qxh6 Qf5 ({
15.80 Hiarcs 7.32:} 37... Qh5 38. Qxh5 Be3 39. Qh8+ Kf7 40. Rxe3 c5 41. Qe8+
Kxg7 42. Qe7+ Kh8 43. Rh3+ Kg8 44. Rg3+ Rg6 45. Rxg6+ Kh8 46. Qg7# {#9/5}) 38.
Re8+ Kf7 39. Rf8+ Ke7 40. Qh4+ Kd6 41. c5+ Bxc5 42. Rf6+ Ke7 43. Rxf5+ Ke8 44.
Qh8+ Ke7 45. Qf8+ Ke6 46. Nxc5# {Hossa checkmated} 1-0

[Event "ICS rated bullet match"]
[Site "204.178.125.65"]
[Date "1999.10.31"]
[Round "?"]
[White "JSBach"]
[Black "Hossa"]
[Result "0-1"]
[WhiteElo "1959"]
[BlackElo "2371"]
[PlyCount "108"]
[EventDate "1999.??.??"]

1. e4 e5 2. Nc3 Nf6 3. Nf3 Bb4 4. Nxe5 O-O 5. Qf3 Re8 6. Qf5 d6 7. Nxf7 Kxf7 8.
Qf3 Bg4 9. Bc4+ Kf8 10. Qe3 Bxc3 11. f3 Ba5 12. Qa3 Nxe4 13. Kf1 Qh4 14. fxe4
Qf6+ 15. Kg1 Bb6+ 16. d4 Qxd4+ 17. Be3 Qxe3+ 18. Qxe3 Bxe3+ 19. Kf1 Rxe4 20.
Bd5 Rf4+ 21. Ke1 Bf2+ 22. Kf1 Bd4+ 23. Ke1 Bxb2 24. Kd2 Rd4+ 25. Ke3 Rxd5 26.
Rab1 Rb5 27. c4 Rb4 28. Rhe1 Kg8 29. Kd2 Bf5 30. Re8+ Kf7 31. Rbe1 Rxc4 32.
R1e7+ Kg6 33. Kd1 Bf6 34. Re3 c5 35. Rg3+ Bg4+ 36. Kd2 Bg5+ 37. Kd3 Ra4 38. Re4
Bf5 39. Kc3 Rxe4 40. a3 Re3+ 41. Rxe3 Bxe3 42. Kc4 Be6+ 43. Kd3 Kf5 44. Kxe3 d5
45. Kd3 d4 46. g3 Ke5 47. Kc2 Ke4 48. a4 Ke3 49. h4 Nc6 50. h5 Nb4+ 51. Kb2 Rf8
52. Kb1 Rf1+ 53. Kb2 Nd3+ 54. Kc2 54... Rc1# {JSBach checkmated} 0-1

[Event "ICS rated blitz match"]
[Site "204.178.125.65"]
[Date "1999.10.31"]
[Round "?"]
[White "Hossa"]
[Black "BugChess"]
[Result "0-1"]
[WhiteElo "2498"]
[BlackElo "2207"]
[PlyCount "95"]
[EventDate "1999.??.??"]

1. e4 c5 2. Nc3 Nc6 3. g3 g6 4. Bg2 Bg7 5. d3 d6 6. Be3 e6 7. Nge2 Nd4 8. O-O
Ne7 9. Qc1 {letzter Buchzug} 9... O-O 10. Bh6 Bxh6 11. Qxh6 Nxc2 12. Rac1 Nb4
13. d4 Nd3 14. Rcd1 ({-0.96 Hiarcs 7.32:} 14. Rb1 14... cxd4 15. Nxd4 Qb6 16.
Nf3 f6 17. Qd2 Ne5 18. Qh6 {-0.27/7}) 14... Nxb2 15. Rb1 Nd3 16. dxc5 dxc5 17.
Rfd1 Nc6 18. Nb5 ({-0.96 Hiarcs 7.32:} 18. Nc1 18... c4 19. Nxd3 cxd3 20. Qe3
Qc7 21. Rxd3 {-0.64/6}) 18... a6 19. Na3 b5 20. e5 Bb7 21. Rb3 ({
-2.30 Hiarcs 7.32:} 21. Nf4 21... c4 22. Nxc4 bxc4 23. Rxb7 Ncxe5 24. Nxe6 Qf6
25. Nxf8 Qxf2+ 26. Kh1 26... Rxf8 {-0.33/6}) 21... c4 22. Nxc4 bxc4 23. Rxb7
Ncxe5 24. h3 Rb8 25. Rxb8 Qxb8 26. Nc3 Qb6 27. Ne4 ({-3.64 Hiarcs 7.32:} 27.
Qd2 27... f5 28. Rb1 Qc5 29. Rb7 Rf7 30. Rb8+ Kg7 31. Na4 {-2.33/7}) 27... f5
28. Ng5 Rf7 29. Rf1 Rg7 30. Nf3 ({-4.09 Hiarcs 7.32:} 30. Qh4 30... Rd7 31. Qh6
c3 32. a4 32... a5 {-2.80/6}) 30... Nxf2 31. Rxf2 Nd3 32. Qd2 Rd7 33. Ne1 Qxf2+
34. Qxf2 Nxf2 35. Kxf2 c3 36. Ke3 Rd1 37. Ke2 ({-6.06 Hiarcs 7.32:} 37. Nc2
37... Rd2 38. Ne1 38... Rxa2 {-3.67/8}) 37... Rc1 38. Nd3 Rc2+ 39. Kf3 Rxa2 40.
Bf1 ({-10.03 Hiarcs 7.32:} 40. Nc1 40... Ra1 41. Ne2 c2 42. Kf2 c1=Q 43. Nxc1
Rxc1 44. Bb7 a5 45. Ke3 a4 46. Kd3 46... a3 {-7.67/10}) 40... c2 41. Ke3 Ra1
42. Kd2 Rxf1 43. Kxc2 Rf3 44. h4 Rxg3 45. Nc5 e5 46. Nxa6 Rh3 47. Nb8 e4 48.
Nc6 {Hossa resigns} 0-1

[Event "ICS rated blitz match"]
[Site "204.178.125.65"]
[Date "1999.10.31"]
[Round "?"]
[White "Hossa"]
[Black "Talmoves"]
[Result "0-1"]
[WhiteElo "2471"]
[BlackElo "2682"]
[PlyCount "82"]
[EventDate "1999.??.??"]

1. e4 e5 2. Nf3 Nc6 3. d4 exd4 4. Nxd4 Bc5 5. Nb3 Bb6 6. Bd3 {letzter Buchzug}
6... Qh4 7. g3 Qf6 8. O-O d6 9. Nc3 Bh3 10. Nd5 Qe5 11. Re1 Nf6 12. Be3 O-O-O
13. Bxb6 axb6 14. Nf4 ({-0.44 Hiarcs 7.32:} 14. Nxf6 14... Qxf6 15. c3 h5 16.
Be2 h4 17. Bg4+ Bxg4 18. Qxg4+ 18... Kb8 {-0.12/6}) 14... Bg4 15. f3 Bd7 16.
Bc4 ({-0.62 Hiarcs 7.32:} 16. c3 16... g5 17. Nd5 Kb8 18. Bf1 h5 19. Qd2 {
-0.27/7}) 16... Qxb2 17. Bxf7 Ne5 18. Be6 Qc3 19. Rf1 d5 20. Qe2 ({
-0.79 Hiarcs 7.32:} 20. exd5 20... Bxe6 21. Nxe6 Rxd5 22. Qe2 g6 23. f4 23...
Nc6 {-0.27/6}) 20... dxe4 21. fxe4 ({-1.03 Hiarcs 7.32:} 21. Bxd7+ 21... Nexd7
22. Ne6 22... Rdg8 {-0.79/5}) 21... Rhe8 22. Nd5 ({-1.73 Hiarcs 7.32:} 22. Bf5
22... g6 23. Bh3 Bxh3 24. Nxh3 {-1.03/5}) 22... Nxd5 23. exd5 Bxe6 24. dxe6
Rxe6 25. Qe4 Kb8 26. Qh4 Nc6 27. Qxh7 Re2 28. Rac1 ({-4.29 Hiarcs 7.32:} 28.
Rf2 28... Rxf2 29. Kxf2 Nd4 30. Qd3 Rf8+ 31. Kg1 Nf3+ 32. Kh1 Ne1 33. Qe2 33...
Nxc2 {-2.01/6}) 28... Ne5 29. Qh3 ({-8.89 Hiarcs 7.32:} 29. Qf5 29... Qe3+ {
-4.29/7}) 29... Qe3+ 30. Kh1 Qe4+ 31. Kg1 Ng4 32. Rf4 ({-15.68 Hiarcs 7.32:} 
32. c4 32... Qe3+ 33. Kh1 Nf2+ 34. Rxf2 Qxf2 35. Nd4 Re1+ 36. Rxe1 Qxe1+ 37.
Kg2 Qe4+ 38. Kg1 Qxd4+ 39. Kg2 Qb2+ 40. Kf3 40... Qxa2 {-8.89/6}) 32... Qe3+
33. Kh1 g5 34. Rff1 Qe4+ 35. Kg1 Ka7 36. Rf7 ({-#6 Hiarcs 7.32:} 36. Rce1 36...
Rxe1 {-12.93/6}) 36... Qe3+ 37. Kh1 Rh8 38. Rh7 Nf2+ 39. Kg2 Qe4+ 40. Kf1 Nxh3
41. Rxh8 41... Qf3# {Hossa checkmated} 0-1

[Event "ICS rated blitz match"]
[Site "204.178.125.65"]
[Date "1999.10.31"]
[Round "?"]
[White "GaryG"]
[Black "Hossa"]
[Result "1-0"]
[WhiteElo "2392"]
[BlackElo "2464"]
[PlyCount "88"]
[EventDate "1999.??.??"]

1. d4 d5 2. Bf4 e6 3. e3 {letzter Buchzug} 3... Bd6 ({0.00 Hiarcs 7.32:} 3...
Nf6 4. Nd2 Nc6 5. Bb5 {0.31/7}) 4. Qg4 g6 5. Bxd6 cxd6 ({0.45 Hiarcs 7.32:} 
5... Qxd6 6. Nc3 Qb4 7. O-O-O 7... Nf6 {0.02/5}) 6. Nc3 Nc6 7. Nf3 e5 8. Qg3 e4
9. Nd2 Nge7 10. Qf4 Bf5 ({0.73 Hiarcs 7.32:} 10... Be6 11. Bb5 Nf5 12. h3 O-O
13. O-O 13... Qb6 {0.39/7}) 11. Be2 h6 ({1.38 Hiarcs 7.32:} 11... Nb4 12. Rc1
f6 13. O-O Rc8 14. Bb5+ 14... Kf7 {0.73/6}) 12. Nb5 Nc8 13. c4 a6 14. Nc3 Nb4 (
{1.80 Hiarcs 7.32:} 14... N8e7 15. O-O {1.38/6}) 15. O-O dxc4 16. Bxc4 Nd3 17.
Bxd3 exd3 18. Qf3 Nb6 19. e4 Be6 20. d5 Bd7 21. Qxd3 O-O 22. Qe3 g5 23. f4 Rc8
24. Qd4 g4 25. Rac1 a5 ({2.87 Hiarcs 7.32:} 25... f6 26. Qb4 Be8 27. a4 a5 28.
Qxa5 Nxa4 29. Qxd8 29... Rxd8 {2.13/7}) 26. e5 Bf5 27. Nce4 Rxc1 28. Rxc1 Nc8
29. exd6 f6 30. Nc4 b5 31. Ne3 Bxe4 ({5.17 Hiarcs 7.32:} 31... Bd7 32. f5 h5
33. Rc7 33... Kg7 {3.32/6}) 32. Qxe4 Rf7 ({8.17 Hiarcs 7.32:} 32... Nxd6 33.
Qg6+ Kh8 34. Qxh6+ Kg8 35. Qg6+ Kh8 36. Qh5+ Kg8 37. Qxg4+ Kf7 38. Rc6 {5.17/6}
) 33. Qe6 Nxd6 34. Nf5 Qd7 ({16.49 Hiarcs 7.32:} 34... Kh7 35. Nxd6 Rf8 36. Rc8
Qb6+ 37. Kf1 Rxc8 38. Qf7+ {8.20/7}) 35. Nxd6 Qxe6 36. dxe6 Re7 37. Rc8+ Kh7
38. f5 a4 39. Ne8 a3 40. bxa3 g3 ({13.34 Hiarcs 7.32:} 40... h5 41. Nxf6+ Kg7
42. Nd5 Rf7 43. e7 g3 44. f6+ Rxf6 45. Nxf6 gxh2+ 46. Kxh2 Kxf6 47. e8=Q h4 48.
Qxb5 {20.45/9}) 41. Nxf6+ Kg7 42. Nh5+ Kh7 43. Rf8 gxh2+ ({29.88 Hiarcs 7.32:} 
43... b4 44. axb4 gxh2+ 45. Kxh2 Rc7 46. Rf7+ Kg8 47. Rxc7 47... Kf8 {#6/9})
44. Kxh2 44... b4 {Hossa resigns} 1-0

[Event "ICS rated blitz match"]
[Site "204.178.125.65"]
[Date "1999.10.31"]
[Round "?"]
[White "Icky"]
[Black "Hossa"]
[Result "0-1"]
[WhiteElo "2214"]
[BlackElo "2461"]
[PlyCount "34"]
[EventDate "1999.??.??"]

1. e4 e5 2. Bc4 Bc5 3. Nf3 Nc6 4. O-O Nf6 5. d3 d5 6. exd5 Nxd5 7. Re1 Bg4 8.
h3 Bxf3 9. Qxf3 Nf6 10. Bb5 Nd7 11. c3 O-O 12. Bxc6 bxc6 13. Qxc6 Rb8 14. Nd2
Rb6 15. Qa4 Bxf2+ 16. Kxf2 Nc5 17. Qe4 17... Nxe4+ {Icky resigns} 0-1

[Event "ICS rated blitz match"]
[Site "204.178.125.65"]
[Date "1999.10.31"]
[Round "?"]
[White "Hossa"]
[Black "BugChess"]
[Result "1/2-1/2"]
[WhiteElo "2467"]
[BlackElo "2279"]
[PlyCount "73"]
[EventDate "1999.??.??"]

1. d4 Nf6 2. c4 c5 3. d5 g6 4. Nc3 d6 5. e4 Bg7 6. Be2 O-O 7. Bf4 a6 8. Nf3 b5
9. cxb5 axb5 10. Bxb5 Nxe4 11. Nxe4 Qa5+ 12. Nc3 Bxc3+ 13. bxc3 Qxb5 14. Bh6
Re8 15. a4 Qc4 16. Ra3 Bb7 17. Nd2 Qxd5 18. f3 Bc6 19. O-O Nd7 20. Qe1 Bb5 21.
Rf2 Bxa4 22. Qa1 Nb6 23. c4 Qe5 24. Qc1 Bd7 25. Rc3 Ra2 26. Rf1 Rea8 27. Nb3
Re2 28. Bf4 Qf6 29. Be3 Ra3 30. Rd1 Be6 31. Bg5 Qe5 32. Bf4 Qf6 33. Bg5 Qe5 34.
Bf4 Qh8 35. Bh6 Qf6 36. Bg5 Qe5 37. Bf4 {Game drawn by repetition} 1/2-1/2

[Event "ICS rated blitz match"]
[Site "204.178.125.65"]
[Date "1999.10.31"]
[Round "?"]
[White "Colorado"]
[Black "Hossa"]
[Result "1-0"]
[WhiteElo "2731"]
[BlackElo "2459"]
[PlyCount "61"]
[EventDate "1999.??.??"]

1. Nf3 c5 2. Nc3 d5 3. d4 cxd4 4. Qxd4 Nf6 5. Ne5 {letzter Buchzug} 5... Nc6 6.
Nxc6 bxc6 7. Bf4 c5 8. Qe5 d4 9. Ne4 Nd5 10. Bd2 f6 11. Qh5+ g6 12. Qf3 c4 ({
0.88 Hiarcs 7.32:} 12... Rb8 13. c4 dxc3 14. Nxc3 Nxc3 15. Bxc3 {0.29/6}) 13.
e3 dxe3 14. Bxe3 Nb4 ({2.00 Hiarcs 7.32:} 14... Nxe3 15. Qxe3 Qa5+ 16. c3 Qa6
17. Nc5 17... Qb6 {0.88/6}) 15. Rd1 Nxc2+ 16. Ke2 Qc7 17. Nxf6+ exf6 18. Qxa8
Nxe3 19. fxe3 f5 20. Qd5 Be7 21. Kf2 f4 22. Bxc4 Bc5 23. Rhe1 fxe3+ ({
4.61 Hiarcs 7.32:} 23... Bxe3+ 24. Kf1 Bf5 25. Qd4 Rf8 26. Bb3 26... Be6 {
3.10/6}) 24. Kg1 Bb6 ({7.03 Hiarcs 7.32:} 24... a6 25. Bb3 {4.61/7}) 25. Rd4
Kf8 ({#8 Hiarcs 7.32:} 25... e2 26. Rxe2+ {7.03/8}) 26. Rf1+ Bf5 27. Rxf5+ gxf5
28. Qxf5+ Ke8 29. Qh5+ Kf8 30. Rd8+ Qxd8 31. Qf7# {Hossa checkmated} 1-0

[Event "ICS rated blitz match"]
[Site "204.178.125.65"]
[Date "1999.10.31"]
[Round "?"]
[White "Hossa"]
[Black "Gruff"]
[Result "1-0"]
[WhiteElo "2453"]
[BlackElo "2136"]
[Annotator "Hiarcs 7.32 (22s)"]
[PlyCount "163"]
[EventDate "1999.??.??"]

1. Nf3 d5 2. d4 Nf6 3. e3 c6 4. Bd3 Bg4 5. Nbd2 e6 6. O-O (6. c4 Nbd7 7. h3 Bh5
8. O-O Be7 9. cxd5 exd5 10. Qb3 Qb6 11. Nh4 Bg6 12. Nxg6 12... hxg6 {
1/2-1/2 Kovacevic,V-Dorfman,J/Sarajevo 1988/CBM 08 (12)}) 6... Nbd7 7. c4 $146
(7. c3 Bd6 (7... Be7 8. Re1 Qc7 9. e4 dxe4 10. Nxe4 Nxe4 11. Bxe4 Nf6 12. Bd3
Bh5 13. Bg5 Rd8 14. Re5 Bg6 15. h3 a6 16. Qd2 Bxd3 17. Qxd3 O-O 18. Qd2 c5 19.
Rae1 cxd4 20. Nxd4 Rfe8 21. Qc1 Rd7 22. Nf3 {
Tinto,R-Doyle,J/SCO-chT1 1994/TD 94\03/0-1 (54)}) 8. e4 dxe4 9. Nxe4 Nxe4 10.
Bxe4 Nf6 11. Bc2 Qc7 12. h3 Bh5 13. Qd3 Nd5 14. Ng5 O-O-O 15. Ne4 Bf4 16. Bxf4
Nxf4 17. Qe3 Kb8 18. Bd1 Bg6 19. Nc5 Bf5 20. b4 g5 21. a4 21... Nd5 {
Bahrami,A-Liesecke,A/OLNO 1992/BIG 90/1-0 (34)}) 7... Bd6 8. e4 dxe4 9. Nxe4
Nxe4 10. Bxe4 Nf6 11. Bc2 11... O-O $11 (11... Bc7 $5 $15) 12. Be3 Qc7 13. h3
Bh5 14. Bg5 Be7 15. Qd3 Bg6 16. Qe2 Rfd8 17. Bxg6 hxg6 18. Rfe1 Ne8 19. Bxe7
Qxe7 20. b3 Qf6 21. Qe3 Nd6 22. Rad1 22... Nf5 {
Steigert den Druck auf den Bauern d4} 23. Qf4 Rd7 24. d5 $15 {Raumgewinn} (24.
g4 $5 $142 {ist noch spielbar} 24... Nd6 25. Qe3 $14) 24... cxd5 25. Ng5 $17 (
25. cxd5 exd5 26. Rd2 26... a5 $17) 25... Rad8 26. c5 26... Ne7 $15 (26... d4
27. b4 $17) 27. Qg4 $17 (27. Qh4 27... Qb2 $15) 27... Nf5 28. b4 e5 29. a3 e4
30. a4 $19 (30. Ra1 30... Qe5 $19) 30... a6 $17 (30... b6 $5 $19) 31. b5 $2 $19
(31. a5 $17 $142) 31... axb5 32. axb5 Rc7 33. c6 bxc6 34. bxc6 Rxc6 35. Rb1 Rc7
(35... Rc4 {damit wuerde Schwarz es sich noch erleichtern} 36. Re2 $19) 36.
Rbd1 (36. Qf4 Rc4 37. Rb8 Rcc8 38. Rxc8 38... Rxc8 $19) 36... Rcd7 (36... Rc4 {
waere im Gewinnsinne praeziser} 37. Ra1 $19) 37. Rd2 Nh6 38. Qh4 (38. Qg3 Qf5
39. h4 39... f6 $19) 38... Qf5 39. g4 Qf4 40. Rde2 (40. Rdd1 {
holt die Kuh nicht vom Eis} 40... Re8 $1 {triumphiert} 41. Re3 41... d4 $19)
40... f6 (40... Re8 $142 {und Schwarz ist direkt am Ziel} 41. Ra1 $19) 41. Ne6
41... Qe5 $15 (41... Nf5 $142 {entschiede die Partie sofort} 42. Qxf6 42... Qd6
$19) 42. Nxd8 Rxd8 43. f3 43... Qd4+ $14 (43... Nf7 $5 $142 {ist bedenkenswert}
44. fxe4 44... Ng5 $17) 44. Qf2 Qxf2+ 45. Kxf2 f5 46. gxf5 $11 (46. Rd1 $5
46... exf3 47. Kxf3 $16) 46... gxf5 47. Rc1 $15 (47. Rd1 $5 $11 $142 {
ist interessant}) 47... Nf7 48. Rc7 Ne5 49. fxe4 49... fxe4 $11 (49... dxe4 $5
50. h4 50... Kh7 $17) 50. Re3 Rd7 51. Rxd7 Nxd7 52. Ra3 Kf7 53. Ke3 53... Nf6
$11 (53... Ke6 $5 $15 {ist zu erwaegen}) 54. Ra7+ Kg6 55. Re7 Kh6 56. Rf7 Kh7
57. Ra7 Kg6 58. Re7 Kh6 59. Rf7 Nh7 60. Rd7 Nf6 61. Rf7 Kh7 62. Ra7 Kg8 63.
Ra8+ Kf7 64. Ra7+ Kf8 65. Ra8+ 65... Ne8 $4 $18 {wirft den Vorteil weg} (65...
Ke7 $11 $142 {sieht noch spielbar aus}) 66. Rd8 Ke7 67. Rxd5 {
Weiss erlangt Initiative} 67... Nf6 68. Re5+ Kf7 69. Kf4 Kg6 70. Ra5 70... Kf7
$2 (70... Nh7 $5 $18 $142) 71. Kf5 Ke7 72. Ra7+ Kd6 (72... Kf8 $18) 73. h4 (73.
Rxg7 $5 $142 {ginge schneller} 73... Ne8 74. Rg1 74... Ke7 $18) 73... e3 (73...
Nh5 {aendert nichts am Ausgang der Partie} 74. Kxe4 Ke6 75. Ra6+ Kf7 76. Kf5
Ng3+ 77. Kf4 Ne2+ 78. Kg5 $18) 74. Rxg7 {Droht Matt} 74... e2 (74... Nh5 {
macht keinen grossen Unterschied} 75. Rg2 $18) 75. Rg1 Nd5 (75... Ke7 {
hilft allerdings auch nicht} 76. Re1 $18) 76. Ke4 (76. Re1 $5 $142 {
laesst dem Gegner kaum Chancen} 76... Nc3 $18) 76... Ke6 77. Re1 Nc3+ 78. Kd4 {
Droht Matt: Kxc3} 78... Nb5+ 79. Kc5 {Mit der Mattdrohung Rxe2} 79... Nc3 80.
Kc4 $1 {das wars. Droht Matt} 80... Ne4 81. Rxe2 Kf5 82. h5 {Es droht Matt} (
82. h5 Nf6 83. h6 $18) 1-0